[Event "Rated Blitz game"]
[Site "?"]
[Date "2021.10.16"]
[Round "?"]
[White "templario77"]
[Black "RCompany_1"]
[Result "1-0"]
[WhiteElo "2600"]
[BlackElo "2469"]
[PlyCount "137"]
[EventDate "2021.??.??"]
[EventType "blitz"]

1. e4 e5 2. Nf3 d5 3. exd5 e4 4. Ne5 Qxd5 5. d4 exd3 6. Nxd3 Nc6 7. Nc3 Qa5 8.
Bf4 Bf5 9. Be2 O-O-O 10. O-O Nf6 11. a4 Nd4 12. Nb5 Nd5 13. Nxd4 Nxf4 14. Nxf4
c5 15. Nxf5 Rxd1 16. Rfxd1 g6 17. Ne3 Bh6 18. Nfd5 Re8 19. Nc4 Qd8 20. Ndb6+
axb6 21. Rxd8+ Kxd8 22. Kf1 Kc7 23. Rd1 Ra8 24. b3 Bg7 25. Rd6 Ra6 26. Bg4 f5
27. Bf3 b5 28. Rxa6 bxa6 29. axb5 axb5 30. Na3 Kb6 31. c4 bxc4 32. bxc4 Ka5 33.
Nb5 Kb4 34. Bd5 h6 35. g3 g5 36. Nd6 f4 37. g4 Bf8 38. Nf5 Kc3 39. Ke2 Kc2 40.
h3 Kc3 41. f3 Kc2 42. h4 Kc3 43. hxg5 hxg5 44. Kd1 Kd3 45. Kc1 Kc3 46. Kb1 Kb3
47. Kc1 Kc3 48. Kd1 Kd3 49. Ke1 Kc3 50. Ke2 Kc2 51. Be4+ Kc3 52. Bd3 Kb3 53.
Kd2 Ka3 54. Kc3 Ka2 55. Be4 Ka3 56. Bc6 Ka2 57. Bb5 Ka3 58. Kd3 Kb4 59. Ke4 Kc3
60. Kd5 Kd3 61. Ke6 Ke2 62. Bc6 Kd3 63. Bd5 Ke2 64. Kf7 Bd6 65. Nxd6 Kd3 66.
Ne4 Kd4 67. Nxg5 Ke3 68. Ne6 Kd3 69. Nxf4+ {Time forfeit} 1-0

[Event "Rated Blitz game"]
[Site "?"]
[Date "2021.10.16"]
[Round "?"]
[White "saadsarsam"]
[Black "ALJHuNNz76"]
[Result "1-0"]
[WhiteElo "2446"]
[BlackElo "2401"]
[PlyCount "45"]
[EventDate "2021.??.??"]
[EventType "blitz"]

1. e4 e5 2. Nf3 d5 3. exd5 e4 4. Ne5 Qxd5 5. d4 exd3 6. Nxd3 Bf5 7. Nc3 Qe6+ 8.
Qe2 Nc6 9. Qxe6+ Bxe6 10. Bf4 O-O-O 11. O-O-O Nf6 12. h3 a6 13. g4 h6 14. Bg2
Nd4 15. Rhe1 Bd6 16. Ne5 Bxe5 17. Bxe5 Nb5 18. Nxb5 axb5 19. f4 Bd7 20. Bxf6
gxf6 21. Re7 Rhe8 22. Rdxd7 Rxd7 23. Rxe8+ {Normal} 1-0

[Event "Rated Blitz game"]
[Site "?"]
[Date "2021.10.16"]
[Round "?"]
[White "Despacito2"]
[Black "barry-allen"]
[Result "0-1"]
[WhiteElo "2406"]
[BlackElo "2277"]
[PlyCount "68"]
[EventDate "2021.??.??"]
[EventType "blitz"]

1. e4 e5 2. Nf3 d5 3. Nxe5 Bd6 4. d4 dxe4 5. Bf4 Nf6 6. Bc4 O-O 7. O-O c6 8.
Re1 b5 9. Bb3 a5 10. a4 Bf5 11. axb5 cxb5 12. Nc3 a4 13. Nxb5 axb3 14. Rxa8
Bxe5 15. Bxe5 Nfd7 16. Bxb8 Nxb8 17. cxb3 Qb6 18. Nc3 Nc6 19. Rxf8+ Kxf8 20. d5
Nd4 21. Na4 Qa7 22. h3 Bxh3 23. gxh3 Nf3+ 24. Kh1 Qxf2 25. Re2 Qg3 26. Qf1 g5
27. Qg2 Qf4 28. Rc2 h5 29. Nc3 g4 30. Ne2 Qe3 31. hxg4 h4 32. d6 Ke8 33. g5 Kd7
34. Nc3 Qe1+ {Normal} 0-1

[Event "Rated Blitz game"]
[Site "?"]
[Date "2021.10.16"]
[Round "?"]
[White "NoelMLeron"]
[Black "Parets"]
[Result "1-0"]
[WhiteElo "2407"]
[BlackElo "2279"]
[PlyCount "87"]
[EventDate "2021.??.??"]
[EventType "blitz"]

1. e4 e5 2. Nf3 d5 3. exd5 Bd6 4. Bc4 e4 5. Qe2 Nf6 6. d3 O-O 7. dxe4 Nxe4 8.
O-O Re8 9. Qd3 Bf5 10. Qd1 Nd7 11. Nbd2 Bg4 12. h3 Bh5 13. Nxe4 Rxe4 14. Qd3
Bxf3 15. gxf3 Rh4 16. f4 Nc5 17. Qg3 Rh5 18. Be2 Rh4 19. Bg4 h5 20. Bf5 g6 21.
Kg2 Kh7 22. Bd3 Nxd3 23. cxd3 Qf6 24. Be3 Bxf4 25. Bxf4 Rxf4 26. Rae1 h4 27.
Qe3 Qg5+ 28. Kh2 Qf5 29. f3 Rg8 30. Re2 g5 31. Rg2 f6 32. Qe7+ Rg7 33. Qe6 Rxf3
34. Qxf5+ Rxf5 35. Rxf5 Kh6 36. Rgf2 Rg6 37. Rxf6 Rxf6 38. Rxf6+ Kg7 39. Re6
Kf7 40. d4 c6 41. dxc6 Kxe6 42. cxb7 Kd5 43. b8=Q Kxd4 44. Qxa7+ {Normal} 1-0

[Event "Rated Blitz game"]
[Site "?"]
[Date "2021.10.16"]
[Round "?"]
[White "wegadikuki"]
[Black "batalla2"]
[Result "0-1"]
[WhiteElo "2393"]
[BlackElo "2457"]
[PlyCount "59"]
[EventDate "2021.??.??"]
[EventType "blitz"]

1. e4 e5 2. Nf3 d5 3. exd5 Bd6 4. Qe2 Nf6 5. d3 O-O 6. Nc3 Nbd7 7. Be3 Nb6 8.
O-O-O Nbxd5 9. Nxd5 Nxd5 10. Kb1 a5 11. h3 a4 12. c4 Nxe3 13. fxe3 a3 14. b3 b5
15. g4 Bb7 16. Bg2 e4 17. Nd4 exd3 18. Rxd3 Bxg2 19. Qxg2 bxc4 20. bxc4 Rb8+
21. Nb3 Qf6 22. Rf1 Qg6 23. Rf5 Rfe8 24. e4 Qe6 25. e5 Bxe5 26. Qd5 Qxd5 27.
Rxd5 f6 28. Rd7 Rb4 29. c5 Re4 30. Rf4 {Normal} 0-1

[Event "Rated Blitz game"]
[Site "?"]
[Date "2021.10.16"]
[Round "?"]
[White "TimF1202"]
[Black "CristianS27"]
[Result "1-0"]
[WhiteElo "2372"]
[BlackElo "2498"]
[PlyCount "97"]
[EventDate "2021.??.??"]
[EventType "blitz"]

1. e4 e5 2. Nf3 d5 3. exd5 e4 4. Qe2 Nf6 5. Nc3 Be7 6. Nxe4 O-O 7. d3 Nxd5 8.
Qd1 Re8 9. Be2 Nc6 10. O-O Bg4 11. h3 Bh5 12. a3 a5 13. c4 Nf6 14. Be3 Bg6 15.
Nxf6+ Bxf6 16. d4 Be4 17. Qd2 Bxf3 18. Bxf3 Nxd4 19. Bxd4 Qxd4 20. Qxd4 Bxd4
21. Bxb7 Rab8 22. Bc6 Re2 23. Bb5 Rxb2 24. Rad1 c5 25. a4 Rd8 26. Kh1 Rd6 27.
f3 Re6 28. Rfe1 Ree2 29. Rxe2 Rxe2 30. f4 f5 31. Bc6 Kf7 32. Kh2 Be3 33. Kg3
Rf2 34. Bd5+ Kf6 35. Rd3 Rxf4 36. Rxe3 Rf1 37. Re6+ Kg5 38. Rc6 f4+ 39. Kh2 h5
40. Rxc5 Kh4 41. Rxa5 g5 42. Bf7 Rf2 43. Rf5 Ra2 44. a5 Ra3 45. Bg6 Ra2 46. c5
Rxa5 47. c6 Ra1 48. Rc5 f3 49. g3# {Normal} 1-0

[Event "Rated Blitz game"]
[Site "?"]
[Date "2021.10.16"]
[Round "?"]
[White "Samame2021"]
[Black "Annali-annaliew1979"]
[Result "0-1"]
[WhiteElo "2529"]
[BlackElo "2490"]
[PlyCount "156"]
[EventDate "2021.??.??"]
[EventType "blitz"]

1. e4 e5 2. Nf3 d5 3. Nc3 dxe4 4. Nxe4 f5 5. Nc3 e4 6. Qe2 Nf6 7. d3 Bb4 8. Bd2
Bxc3 9. Bxc3 O-O 10. Nd4 exd3 11. Qxd3 Re8+ 12. Be2 c5 13. Nb5 Qxd3 14. cxd3
Na6 15. Bxf6 gxf6 16. Kd2 Be6 17. Rac1 Rad8 18. f4 c4 19. d4 Nb4 20. Bxc4 a6
21. Nc7 Rxd4+ 22. Ke3 Re4+ 23. Kf3 Bxc4 24. Nxe8 Be2+ 25. Kf2 Nd3+ 26. Kg3 Rxe8
27. Rc7 Re3+ 28. Kh4 Nxf4 29. g3 Ng6+ 30. Kh3 Bg4+ 31. Kg2 Re2+ 32. Kg1 Bh3 33.
Rc1 Ne5 34. Rc3 Re1+ 35. Kf2 Rxh1 36. g4 Nxg4+ 37. Kg3 Bf1 38. Kf4 Nh6 39. Rc7
Rxh2 40. b4 Bb5 41. a3 Rh4+ 42. Kg3 Rg4+ 43. Kf2 Bc6 44. Kf1 Rg3 45. Kf2 Rxa3
46. Rxc6 bxc6 47. Ke2 f4 48. Kd2 Ng4 49. Kc2 f3 50. Kb2 Re3 51. Kc2 f2 52. Kd2
f1=Q 53. Kc2 Qf2+ 54. Kd1 h5 55. Kc1 h4 56. Kd1 h3 57. Kc1 h2 58. Kd1 h1=B 59.
Kc1 Re2 60. Kd1 Ne3+ 61. Kc1 Rc2+ 62. Kb1 f5 63. Ka1 f4 64. Kb1 f3 65. Ka1 Qd2
66. Kb1 Qxb4+ 67. Ka1 Qd2 68. Kb1 f2 69. Ka1 f1=N 70. Kb1 a5 71. Ka1 a4 72. Kb1
Qa5 73. Ka1 Rg2 74. Kb1 a3 75. Ka1 Nc4 76. Kb1 Nfd2+ 77. Ka1 Nb3+ 78. Kb1 a2# {
Normal} 0-1

[Event "Rated Blitz tournament QYxAZh7x"]
[Site "?"]
[Date "2021.10.16"]
[Round "?"]
[White "klotera"]
[Black "batasjon"]
[Result "0-1"]
[WhiteElo "2514"]
[BlackElo "2424"]
[PlyCount "86"]
[EventDate "2021.??.??"]
[EventType "blitz"]

1. e4 e5 2. Nf3 d5 3. Nxe5 Bd6 4. d4 dxe4 5. Nc4 Nf6 6. Nc3 O-O 7. Bg5 Be7 8.
Ne3 Nc6 9. d5 Nxd5 10. Bxe7 Ndxe7 11. Nxe4 Bf5 12. Nc5 b6 13. Nb3 Qc8 14. Be2
Rd8 15. Qc1 a5 16. c3 a4 17. Nd2 Ne5 18. O-O Bd3 19. Bxd3 Nxd3 20. Qc2 Nc6 21.
Nf3 Qe6 22. b3 a3 23. Rad1 Nc5 24. h3 h6 25. Rfe1 Qe4 26. Qe2 Nd3 27. Rf1 Nf4
28. Qe1 Nxh3+ 29. Kh2 Nf4 30. Rxd8+ Rxd8 31. Qc1 Ne5 32. Nxe5 Qxe5 33. g3 Ne2
34. Qxa3 Nxc3 35. Qb2 Rd3 36. Rc1 b5 37. a4 b4 38. Ra1 Qd6 39. Qc1 Rd2 40. Qf1
Qd4 41. Kh1 Ne4 42. Ng4 Qd7 43. Ne5 Qf5 {Normal} 0-1

[Event "Rated Blitz game"]
[Site "?"]
[Date "2021.10.16"]
[Round "?"]
[White "failedworldcupquali"]
[Black "Annali-annaliew1979"]
[Result "1-0"]
[WhiteElo "2504"]
[BlackElo "2501"]
[PlyCount "47"]
[EventDate "2021.??.??"]
[EventType "blitz"]

1. e4 e5 2. Nf3 d5 3. Nxe5 Qe7 4. d4 f6 5. Nd3 Nc6 6. c3 Bf5 7. Be2 Bxe4 8. O-O
Qf7 9. Re1 Be7 10. b4 O-O-O 11. b5 Na5 12. Nd2 Qg6 13. Nxe4 dxe4 14. Bh5 exd3
15. Bxg6 hxg6 16. Qxd3 Bd6 17. g3 f5 18. c4 b6 19. Bd2 Nb7 20. a4 Nf6 21. a5
Ne4 22. axb6 axb6 23. Rxe4 fxe4 24. Qxe4 {Normal} 1-0

[Event "Rated Blitz game"]
[Site "?"]
[Date "2021.10.16"]
[Round "?"]
[White "limosity"]
[Black "Heri72"]
[Result "0-1"]
[WhiteElo "2415"]
[BlackElo "2400"]
[PlyCount "100"]
[EventDate "2021.??.??"]
[EventType "blitz"]

1. e4 e5 2. Nf3 d5 3. exd5 Bd6 4. d4 e4 5. Ne5 g6 6. Nc3 f6 7. Bb5+ Kf8 8. Nc4
Bb4 9. O-O a6 10. Ba4 b5 11. Nxe4 bxa4 12. Qf3 Qxd5 13. Ne3 Qb7 14. d5 Kg7 15.
a3 Bd6 16. b4 Be5 17. Rb1 Bd7 18. c4 h5 19. c5 Bb5 20. Re1 c6 21. d6 Nd7 22.
Bb2 Re8 23. Ng3 h4 24. Ngf5+ gxf5 25. Nxf5+ Kf7 26. Qg4 Rh7 27. f4 Bxb2 28.
Rxe8 Kxe8 29. Qxg8+ Nf8 30. Re1+ Be5 31. fxe5 Qf7 32. Qxf7+ Kxf7 33. d7 Nxd7
34. e6+ Kg6 35. e7 Rh8 36. Nd6 Ne5 37. e8=Q+ Rxe8 38. Nxe8 h3 39. Re3 hxg2 40.
Kxg2 Nc4 41. Rg3+ Kf7 42. Nc7 Ne5 43. Nxb5 axb5 44. h4 Ng6 45. h5 Nf4+ 46. Kf3
Nxh5 47. Rh3 Kg6 48. Rh1 f5 49. Rd1 Nf6 50. Rd6 Kg5 {Time forfeit} 0-1

[Event "Rated Blitz game"]
[Site "?"]
[Date "2021.10.16"]
[Round "?"]
[White "xadrezdapraia"]
[Black "ALJHuNNz76"]
[Result "0-1"]
[WhiteElo "2403"]
[BlackElo "2410"]
[PlyCount "44"]
[EventDate "2021.??.??"]
[EventType "blitz"]

1. e4 e5 2. Nf3 d5 3. Nxe5 dxe4 4. Bc4 Qg5 5. Bxf7+ Ke7 6. d4 Qxg2 7. Rf1 Nc6
8. Nxc6+ Kxf7 9. Ne5+ Ke8 10. Be3 Bh3 11. Nd2 Qxh2 12. Qe2 Bxf1 13. Qxf1 c6 14.
Qc4 Qh5 15. Qe6+ Be7 16. Qd7+ Kf8 17. Qxb7 Re8 18. Nd7+ Kf7 19. Ne5+ Kf8 20.
Qxc6 Nf6 21. Qe6 Qh1+ 22. Nf1 Bb4+ {Normal} 0-1

[Event "Rated Blitz game"]
[Site "?"]
[Date "2021.10.16"]
[Round "?"]
[White "Milenkaya_babushka"]
[Black "Chessboy08"]
[Result "1-0"]
[WhiteElo "2421"]
[BlackElo "2299"]
[PlyCount "83"]
[EventDate "2021.??.??"]
[EventType "blitz"]

1. e4 e5 2. Nf3 d5 3. Nxe5 Bd6 4. d4 dxe4 5. Nc3 Bxe5 6. dxe5 Qxd1+ 7. Nxd1 Nc6
8. Nc3 Bf5 9. Bf4 Nge7 10. O-O-O O-O 11. Bc4 Ng6 12. Bg3 Ncxe5 13. Bd5 c6 14.
Bxe4 Bxe4 15. Nxe4 Rad8 16. Nd6 Rd7 17. h4 h5 18. Ne4 Rfd8 19. Rxd7 Rxd7 20.
Nc5 Re7 21. Rd1 b6 22. Ne4 Nc4 23. Ng5 f6 24. Rd8+ Nf8 25. Nf3 Kf7 26. b3 Ne6
27. Rc8 Na5 28. b4 Nc4 29. Rxc6 Ne5 30. Bxe5 fxe5 31. Nxe5+ Kf6 32. f4 Kf5 33.
a4 Nxf4 34. Nf3 Ne2+ 35. Kb2 Nf4 36. a5 Nxg2 37. axb6 axb6 38. Rxb6 Kg4 39. Nd4
Kxh4 40. Nf5+ Kg4 41. Nxe7 h4 42. Rg6+ {Time forfeit} 1-0

[Event "Rated Blitz game"]
[Site "?"]
[Date "2021.10.16"]
[Round "?"]
[White "Peter0628"]
[Black "Sdjordje12345_s"]
[Result "0-1"]
[WhiteElo "2426"]
[BlackElo "2401"]
[PlyCount "82"]
[EventDate "2021.??.??"]
[EventType "blitz"]

1. e4 e5 2. Nf3 d5 3. d4 dxe4 4. Nxe5 Nd7 5. Bc4 Nxe5 6. dxe5 Qxd1+ 7. Kxd1
Bg4+ 8. Ke1 O-O-O 9. Nc3 Bb4 10. Bd2 f5 11. h3 Bh5 12. Be6+ Kb8 13. Bxf5 Re8
14. Bf4 g5 15. Bg3 Nh6 16. Bxe4 Nf7 17. Kf1 Nxe5 18. Bxe5 Rxe5 19. f3 Rf8 20.
Rd1 Bxc3 21. Bxh7 Ba5 22. Kg1 Bb6+ 23. Kh2 c6 24. Rhe1 Bc7 25. Rxe5 Bxe5+ 26.
Kg1 Bg3 27. Be4 Kc7 28. Kf1 Bf7 29. b3 a5 30. a4 Rd8 31. Rxd8 Kxd8 32. Ke2 Kc7
33. Kd3 Kd6 34. Bf5 b5 35. axb5 cxb5 36. Kc3 Be5+ 37. Kd3 a4 38. bxa4 bxa4 39.
c3 a3 40. Kc2 a2 41. Kb2 Bxc3+ {Normal} 0-1

[Event "Rated Blitz game"]
[Site "?"]
[Date "2021.10.16"]
[Round "?"]
[White "Impreg"]
[Black "jeruchess"]
[Result "1-0"]
[WhiteElo "2542"]
[BlackElo "2407"]
[PlyCount "43"]
[EventDate "2021.??.??"]
[EventType "blitz"]

1. e4 e5 2. Nf3 d5 3. exd5 e4 4. Qe2 Nf6 5. d3 Qxd5 6. dxe4 Qxe4 7. Nc3 Bb4 8.
Bd2 Bxc3 9. Bxc3 Qxe2+ 10. Bxe2 Nbd7 11. O-O-O O-O 12. Rhe1 Ne4 13. Bd4 c5 14.
Be3 b6 15. Bc4 Ndf6 16. Ne5 Bb7 17. f3 Rae8 18. Nxf7 Rxf7 19. fxe4 Bxe4 20. Bg5
h6 21. Bxf6 gxf6 22. Rd7 {Normal} 1-0

[Event "Rated Blitz game"]
[Site "?"]
[Date "2021.10.16"]
[Round "?"]
[White "Shaxmater"]
[Black "Annali-annaliew1979"]
[Result "0-1"]
[WhiteElo "2543"]
[BlackElo "2486"]
[PlyCount "100"]
[EventDate "2021.??.??"]
[EventType "blitz"]

1. e4 e5 2. Nf3 d5 3. d4 dxe4 4. Nxe5 Bd6 5. Nc4 Nf6 6. Nc3 h6 7. Nxd6+ cxd6 8.
Bc4 O-O 9. d5 a6 10. a4 Bf5 11. O-O Nbd7 12. Bf4 Qc7 13. Qd4 Rfe8 14. a5 Rac8
15. Be2 Nc5 16. Rfc1 Bg6 17. b4 Ncd7 18. Na4 Ne5 19. c4 Qe7 20. Nb6 Rcd8 21. c5
Nd3 22. Bxd3 exd3 23. Bxd6 Qe2 24. h3 Re4 25. Qc3 Rh4 26. Re1 Qc2 27. Rec1 Qxc3
28. Rxc3 Rxb4 29. Rd1 Ne4 30. Rdxd3 Nxd6 31. cxd6 Bxd3 32. Rxd3 Rxd6 33. Re3
Rb5 34. Re8+ Kh7 35. Kh2 Rxa5 36. Nc4 Raxd5 37. Nxd6 Rxd6 38. Re7 Rb6 39. Rxf7
a5 40. Rf4 Rb4 41. Rf3 a4 42. Rf7 a3 43. Rf8 b5 44. Ra8 Ra4 45. Rb8 b4 46. Rb5
a2 47. Rxb4 Rxb4 48. g3 a1=Q 49. h4 Qf1 50. f4 Rb2# {Normal} 0-1

[Event "Rated Rapid game"]
[Site "?"]
[Date "2021.10.16"]
[Round "?"]
[White "j_lisbon"]
[Black "Newton_54"]
[Result "1-0"]
[WhiteElo "2454"]
[BlackElo "2384"]
[PlyCount "43"]
[EventDate "2021.??.??"]
[EventType "rapid"]

1. e4 e5 2. Nf3 d5 3. Nxe5 Bd6 4. d4 dxe4 5. Nc4 Nf6 6. Nc3 Bb4 7. a3 Be7 8.
Be2 O-O 9. Be3 Bf5 10. h3 Nd5 11. Nxd5 Qxd5 12. Qd2 Nc6 13. b3 Rad8 14. O-O-O
b5 15. Na5 Bxa3+ 16. Kb1 Bb4 17. Nxc6 Bxd2 18. Ne7+ Kh8 19. Nxd5 Bxe3 20. Nxe3
Be6 21. Bxb5 Rb8 22. Bc4 {Normal} 1-0

[Event "Rated Blitz game"]
[Site "?"]
[Date "2021.10.16"]
[Round "?"]
[White "emiliooo"]
[Black "Annali-annaliew1979"]
[Result "1-0"]
[WhiteElo "2674"]
[BlackElo "2493"]
[PlyCount "47"]
[EventDate "2021.??.??"]
[EventType "blitz"]

1. e4 e5 2. Nf3 d5 3. Nxe5 Qe7 4. d4 f6 5. Nd3 Nc6 6. Nc3 dxe4 7. Nf4 f5 8.
Nfd5 Qf7 9. Nb5 Bd6 10. Bc4 Be6 11. Ndxc7+ Bxc7 12. Bxe6 Qe7 13. d5 Qb4+ 14.
Nc3 Nd4 15. a3 Qc5 16. Be3 Be5 17. Bxf5 Nf6 18. Be6 Rd8 19. O-O a6 20. Nxe4
Nxe4 21. Qh5+ Ke7 22. Qxe5 Nf6 23. Bxd4 Qd6 24. Qe3 {Normal} 1-0

[Event "Rated Blitz game"]
[Site "?"]
[Date "2021.10.16"]
[Round "?"]
[White "DaVy_JoneSS-1703"]
[Black "Tintyn"]
[Result "1-0"]
[WhiteElo "2570"]
[BlackElo "2545"]
[PlyCount "129"]
[EventDate "2021.??.??"]
[EventType "blitz"]

1. e4 e5 2. Nf3 d5 3. exd5 e4 4. Qe2 Nf6 5. d3 Qe7 6. dxe4 Nxe4 7. Nbd2 Bf5 8.
Nd4 Bg6 9. f3 Nxd2 10. Qxe7+ Bxe7 11. Bxd2 Bf6 12. Bb5+ Kd8 13. Bc3 Nd7 14.
O-O-O Nb6 15. h4 h5 16. g3 a6 17. Bd3 Bxd3 18. Rxd3 Na4 19. Bb4 a5 20. Ba3 Re8
21. b3 Nb6 22. d6 c6 23. c4 Nd7 24. f4 a4 25. b4 Bxd4 26. Rxd4 Re3 27. Bb2 a3
28. Ba1 Rxg3 29. Re1 c5 30. Rde4 Nf6 31. Bxf6+ Kd7 32. Re7+ Kxd6 33. bxc5+ Kxc5
34. Rc7+ Kb4 35. Be7+ Ka4 36. Rxb7 Rc3+ 37. Kd2 Rxc4 38. Re3 Ka5 39. Rxa3+ Ra4
40. Rxa4+ Kxa4 41. Rb4+ Ka5 42. a3 Re8 43. Bc5 Rd8+ 44. Kc3 Rd5 45. Kc4 Rf5 46.
Rb8 Ka6 47. Bd4 Rxf4 48. a4 Rf5 49. Rd8 Kb7 50. Rd6 Kc7 51. Ra6 Kd7 52. Ra7+
Ke6 53. a5 f6 54. a6 Rf4 55. Rb7 Kf5 56. Rb5+ Kg6 57. a7 Rf1 58. a8=Q Rb1 59.
Kd5 Rc1 60. Rc5 Rd1 61. Qe8+ Kf5 62. Rc7 Kf4 63. Qe4+ Kg3 64. Qe3+ Kh2 65. Qe2+
{Time forfeit} 1-0

[Event "Rated Blitz game"]
[Site "?"]
[Date "2021.10.16"]
[Round "?"]
[White "Kibur"]
[Black "sillierchess"]
[Result "0-1"]
[WhiteElo "2247"]
[BlackElo "2411"]
[PlyCount "92"]
[EventDate "2021.??.??"]
[EventType "blitz"]

1. e4 e5 2. Nf3 d5 3. Nxe5 Bd6 4. d4 dxe4 5. Nc3 Nf6 6. Bc4 Bxe5 7. dxe5 Qxd1+
8. Nxd1 Ng4 9. Bd5 O-O 10. Bxe4 Nxe5 11. O-O Nc4 12. Bf4 c6 13. b3 Nb6 14. Nc3
N8d7 15. Rfe1 Nf6 16. Bf3 Bf5 17. Re2 Rfe8 18. Rae1 Rxe2 19. Rxe2 Re8 20. Rxe8+
Nxe8 21. h3 Bxc2 22. Bb8 a6 23. Bg4 f5 24. Be2 Nf6 25. Be5 Kf7 26. Kf1 Ke6 27.
Bd4 Nbd5 28. Na4 b5 29. Nc5+ Kd6 30. Nxa6 g6 31. Ke1 Bb1 32. Bc5+ Ke6 33. a4
Bc2 34. axb5 cxb5 35. b4 Ba4 36. Bd4 Ne4 37. Nc5+ Nxc5 38. Bxc5 Ke5 39. Kd2 Nf4
40. Bf3 Bb3 41. h4 Bc4 42. g3 Ne6 43. Be7 h6 44. Ke3 g5 45. Bc6 f4+ 46. Kf3
Nd4+ {Normal} 0-1

[Event "Rated Blitz game"]
[Site "?"]
[Date "2021.10.16"]
[Round "?"]
[White "Mitasov"]
[Black "specialprize4u"]
[Result "1-0"]
[WhiteElo "2487"]
[BlackElo "2415"]
[PlyCount "67"]
[EventDate "2021.??.??"]
[EventType "blitz"]

1. e4 e5 2. Nf3 d5 3. Nxe5 Bd6 4. d4 dxe4 5. Nc4 Nf6 6. Nxd6+ Qxd6 7. Be2 O-O
8. Be3 Nc6 9. c3 Bf5 10. Nd2 Rad8 11. Qc2 Bg6 12. h3 Nd5 13. Nc4 Qe7 14. O-O-O
f5 15. g3 Nxe3 16. fxe3 b5 17. Nd2 a6 18. h4 Na5 19. Kb1 c5 20. Nb3 Nxb3 21.
Qxb3+ Bf7 22. Qa3 b4 23. Qa5 bxc3 24. bxc3 Rb8+ 25. Ka1 cxd4 26. cxd4 Qe6 27.
Rb1 Rfc8 28. Rxb8 Rxb8 29. Rb1 Rc8 30. Bxa6 Ra8 31. Bc4 Rxa5 32. Rb8+ Be8 33.
Rxe8+ Kf7 34. Rxe6 {Normal} 1-0

[Event "Rated Blitz game"]
[Site "?"]
[Date "2021.10.16"]
[Round "?"]
[White "aNONoNonono"]
[Black "Lorian2514"]
[Result "0-1"]
[WhiteElo "2526"]
[BlackElo "2576"]
[PlyCount "46"]
[EventDate "2021.??.??"]
[EventType "blitz"]

1. e4 e5 2. Nf3 d5 3. d4 dxe4 4. Nxe5 Bd6 5. Nc3 Nf6 6. Bg5 Bf5 7. Bc4 O-O 8.
g4 Bxe5 9. dxe5 Qxd1+ 10. Rxd1 Nxg4 11. Nd5 Nc6 12. Nxc7 Rac8 13. e6 Rxc7 14.
Bf4 Nce5 15. exf7+ Kh8 16. Bb3 Re7 17. Rd5 Bg6 18. h3 Nf3+ 19. Ke2 Nf6 20. Bd6
Nxd5 21. Bxd5 Rexf7 22. Bxf8 Rxf8 23. Bxb7 Rb8 {Normal} 0-1

[Event "Rated Blitz tournament NSPH3dXw"]
[Site "?"]
[Date "2021.10.16"]
[Round "?"]
[White "Sanjaya_BKD"]
[Black "Heri72"]
[Result "0-1"]
[WhiteElo "2201"]
[BlackElo "2416"]
[PlyCount "66"]
[EventDate "2021.??.??"]
[EventType "blitz"]

1. e4 e5 2. Nf3 d5 3. d4 dxe4 4. Nxe5 Bd6 5. Nc4 Nf6 6. Be2 O-O 7. O-O Nc6 8.
Bg5 Nxd4 9. Nc3 Nxe2+ 10. Qxe2 Bf5 11. Bxf6 Qxf6 12. Nxe4 Bxh2+ 13. Kxh2 Qh4+
14. Kg1 Qxe4 15. Qxe4 Bxe4 16. Rac1 Rad8 17. Ne3 f5 18. Rfd1 f4 19. Ng4 h5 20.
f3 hxg4 21. fxe4 Kf7 22. Kf2 Ke6 23. Rd3 Rd6 24. Rcd1 Rfd8 25. Ke2 Ke5 26. Rxd6
Rxd6 27. Rxd6 cxd6 28. Kd3 g5 29. c4 g3 30. b4 b6 31. a4 g4 32. a5 f3 33. gxf3
g2 {Normal} 0-1

[Event "Rated Blitz game"]
[Site "?"]
[Date "2021.10.16"]
[Round "?"]
[White "MarceloMANN"]
[Black "Sdjordje12345_s"]
[Result "1-0"]
[WhiteElo "2468"]
[BlackElo "2414"]
[PlyCount "97"]
[EventDate "2021.??.??"]
[EventType "blitz"]

1. e4 e5 2. Nf3 d5 3. Nxe5 Qe7 4. d4 f6 5. Nf3 dxe4 6. Nfd2 Nc6 7. Nb3 f5 8.
Bc4 Bd7 9. O-O Qh4 10. f4 O-O-O 11. c3 Nf6 12. h3 Bd6 13. Be2 Ng4 14. Qe1 Qxe1
15. Rxe1 Nf6 16. a3 h6 17. c4 Rdg8 18. c5 Be7 19. Bc4 Rd8 20. Nc3 Kb8 21. Be3
g6 22. d5 h5 23. dxc6 Bxc6 24. Rad1 Rdg8 25. Bxg8 Rxg8 26. Na5 Be8 27. Nd5 Nxd5
28. Rxd5 c6 29. Rd2 Kc7 30. b4 Bf6 31. Bd4 Bxd4+ 32. Rxd4 Bf7 33. Nc4 Bxc4 34.
Rxc4 Rd8 35. Rc3 b6 36. cxb6+ axb6 37. Rec1 Rd6 38. Kf2 Kb7 39. Ke3 b5 40. g4
hxg4 41. hxg4 Kb6 42. gxf5 gxf5 43. Rh1 Rg6 44. Rh5 Rg3+ 45. Kd4 Rg2 46. Rh6
Rd2+ 47. Ke3 Rd3+ 48. Rxd3 exd3 49. Kxd3 {Time forfeit} 1-0

[Event "Rated Classical game"]
[Site "?"]
[Date "2021.10.16"]
[Round "?"]
[White "Ragehunter"]
[Black "Lanbrak"]
[Result "0-1"]
[WhiteElo "2414"]
[BlackElo "2457"]
[PlyCount "94"]
[EventDate "2021.??.??"]

1. e4 e5 2. Nf3 d5 3. exd5 e4 4. Qe2 Nf6 5. d3 Bb4+ 6. c3 O-O 7. dxe4 Bc5 8.
Bg5 c6 9. dxc6 Nxc6 10. Nbd2 Re8 11. O-O-O Qe7 12. e5 Nxe5 13. Nxe5 Qxe5 14.
Qxe5 Rxe5 15. Nf3 Rd5 16. Bc4 Rxd1+ 17. Rxd1 Bg4 18. Re1 Bxf2 19. Re7 b5 20.
Bxb5 Be6 21. Bxf6 gxf6 22. a4 Kf8 23. Rc7 Bb6 24. Rc6 Rd8 25. b4 Ke7 26. a5
Be3+ 27. Kb2 Bd5 28. c4 Bxc6 29. Bxc6 Rg8 30. Nh4 Bf2 31. g3 Kd6 32. Bd5 Rb8
33. b5 a6 34. b6 Be1 35. Nf5+ Kc5 36. Ne7 Bxa5 37. b7 Bc7 38. Kb3 Re8 39. Nc6
Kb6 40. Nd4 Re3+ 41. Ka4 Bd6 42. Nb3 Ka7 43. c5 Re5 44. Bg2 Bxc5 45. Na5 Re2
46. Bd5 Rxh2 47. Bxf7 Bb6 {Normal} 0-1

[Event "Rated Blitz game"]
[Site "?"]
[Date "2021.10.16"]
[Round "?"]
[White "Carlos-A-Zambrano"]
[Black "sillierchess"]
[Result "0-1"]
[WhiteElo "2227"]
[BlackElo "2403"]
[PlyCount "40"]
[EventDate "2021.??.??"]
[EventType "blitz"]

1. e4 e5 2. Nf3 d5 3. exd5 Bd6 4. d3 f5 5. c4 Nf6 6. Nc3 O-O 7. a3 Qe8 8. Nd2
Qg6 9. f3 Nh5 10. Nb5 Nd7 11. Nxd6 cxd6 12. Nb3 Ndf6 13. Be3 e4 14. dxe4 fxe4
15. fxe4 Qxe4 16. Qd3 Qh4+ 17. g3 Nxg3 18. Bf2 Nfe4 19. Bxg3 Nxg3 20. hxg3 Qxh1
{Normal} 0-1

[Event "Rated Blitz game"]
[Site "?"]
[Date "2021.10.16"]
[Round "?"]
[White "rugbazare"]
[Black "geptil"]
[Result "0-1"]
[WhiteElo "2424"]
[BlackElo "2462"]
[PlyCount "54"]
[EventDate "2021.??.??"]
[EventType "blitz"]

1. e4 e5 2. Nf3 d5 3. exd5 e4 4. Qe2 Nf6 5. d3 Qxd5 6. Nc3 Bb4 7. Bd2 Bxc3 8.
Bxc3 O-O 9. dxe4 Nxe4 10. Be5 Re8 11. Rd1 Qc6 12. Rd4 Bf5 13. Rc4 Qd5 14. g4
Bg6 15. Rd4 Qxa2 16. Rxe4 Bxe4 17. Qxe4 Nc6 18. Bg2 f6 19. O-O Nxe5 20. Nd4 c6
21. b3 Qa3 22. f4 Nxg4 23. Qd3 Qc5 24. Kh1 Rad8 25. c3 Re3 26. Qd2 Rxc3 27. Rd1
Ne3 {Normal} 0-1

[Event "Rated Blitz game"]
[Site "?"]
[Date "2021.10.16"]
[Round "?"]
[White "limosity"]
[Black "pashpawn"]
[Result "0-1"]
[WhiteElo "2439"]
[BlackElo "2448"]
[PlyCount "82"]
[EventDate "2021.??.??"]
[EventType "blitz"]

1. e4 e5 2. Nf3 d5 3. exd5 e4 4. Qe2 Nf6 5. Nc3 Bd6 6. Nxe4 O-O 7. Nxf6+ Qxf6
8. d4 Bg4 9. Be3 c6 10. h3 Bxf3 11. Qxf3 Qxf3 12. gxf3 cxd5 13. O-O-O Nc6 14.
Rg1 Rfe8 15. h4 Rac8 16. Bb5 Re6 17. Bxc6 Rxc6 18. h5 h6 19. Rg4 Kh7 20. Rdg1
Bf8 21. f4 f5 22. R4g3 Rc7 23. Rg6 Rxg6 24. Rxg6 Rc6 25. Rg2 g6 26. hxg6+ Rxg6
27. Rxg6 Kxg6 28. Kd1 Kh5 29. f3 Kh4 30. Ke2 Kg3 31. Bf2+ Kg2 32. Bh4 Bd6 33.
Ke3 h5 34. b3 Kh3 35. Bf6 Kg3 36. Be5 Be7 37. c4 h4 38. cxd5 h3 39. d6 Bd8 40.
Bg7 h2 41. Bf8 h1=Q {Normal} 0-1